00930nam a2200217 a 450000100100000000500170001000800410002702000180006804000250008608200160011111000320012724000180015924500720017726000370024930000200028659000260030695201290033295201140046195201200057599900170069500004663720201002053021.0180314s200- dr 000 0 spa d a9789945606126 aDO-SdBNPbspacBNPHU axxxxbR426L1 aRepública Dominicana944710a[Leyes, etc.]10aLey 22-01 que crea el Colegio Dominicano de Psicólogos (CODOPSI). aSanto Domingo :bDalis,c[s.f.]. a52 p. ;c21 cm. aInventariado, 2018/BT 001054708DSaGRbGRcHDd2018-03-14iLF1l0oxxxx R426Lp46637-30r2020-06-25te. 3w2020-06-25yLFDSZPréstamo en sala 0010718PDaPDbPDcHDd2018-03-14iLF1l0oxxxx R426Lp46637-10r2020-06-25w2020-06-25yLFPDZNo se presta 0010718PDaPDbPDcHDd2018-03-14iLF1l0oxxxx R426Lp46637-20r2020-06-25te. 2w2020-06-25yLFPDZNo se presta c46126d46126